Administración

Guardat en:
Dades bibliogràfiques
Autors principals: Robbins, Stephen P (Autor), Coulter, Mary (Autor)
Format: Llibre
Idioma:espanyol
Publicat: Ciudad de México Prentice-Hall Hispanoamericana 1996
Edició:2a. ed
Matèries:
Etiquetes: Afegir etiqueta
Sense etiquetes, Sigues el primer a etiquetar aquest registre!

MARC

LEADER 00000nam a2200000 a 4500
001 UCO1760
003 CL-VaPUC
008 000519e19960000MX |||||||||||||||||spa|d
082 0 4 |a 658  |b ROB  |2 21 
100 0 |a Robbins, Stephen P  |e author  |9 444259 
700 0 |a Coulter, Mary  |e author  |9 444260 
245 1 0 |a Administración 
250 |a 2a. ed 
300 |a 770 p 
942 |c BK 
945 |d 20000519 00:00:00  |a rbrito 
260 |a Ciudad de México  |b Prentice-Hall Hispanoamericana  |c 1996 
650 0 |a Administración  |9 259325 
650 0 |a Gestión administrativa  |9 375217 
650 0 |a Administradores  |9 342221 
650 7 |a PLANIFICACION  |2 CL-VaPUC  |9 260802 
650 0 |a Organización  |9 256369 
650 0 |a Control  |9 330602 
650 7 |a DIRECCION  |2 CL-VaPUC  |9 358279 
583 |a last modification  |c 20160717 07:05:05  |k Rodrigo Vera 
999 |c 288357  |d 288355 
952 |0 0  |1 0  |2 ddc  |4 0  |6 658_000000000000000_ROB_1996  |7 0  |8 A  |9 335977  |a BIBENE  |b BIBENE  |d 2019-11-20  |i 3621707  |o 658 ROB 1996  |p 3621707  |r 2025-01-15  |w 2019-11-20  |y BK  |k ICO